00373nam a2200133 a 450000100100000000500170001000800410002708200150006824500490008326000370013230000210016950400360019004000130022600001609420200929164254.0100225s2009 dr 001 0 spa d axxxbB588s00aBienaventurados seréis si las hiciereis /. aLa Romana :bCañaveral,c2009. a124 p. ;c20 cm. aIncluye bibliografías [p.124] aDO-SdBNP